[Event "Penang op 15th"]
[Site "Penang"]
[Date "2023.12.22"]
[Round "8"]
[White "Young, Micah"]
[Black "Burman, Ray Pritish"]
[Result "1/2-1/2"]
[WhiteElo "1883"]
[BlackElo "1705"]
[PlyCount "123"]
[EventDate "2023.12.18"]
[EventType "swiss"]
[EventRounds "9"]
[EventCountry "MAS"]
[SourceTitle "CB52_2023"]
[SourceDate "2023.12.27"]
[SourceVersion "1"]
[SourceVersionDate "2023.12.27"]
[SourceQuality "1"]

1. e4 d6 2. d4 Nf6 3. Nc3 g6 4. f4 Bg7 5. Nf3 c5 6. dxc5 Qa5 7. Bd3 Qxc5 8. Qe2 Nc6 9. Be3 Qa5 10. 0-0 0-0 11. h3 Rd8 12. Bc4 Nxe4 13. Nxe4 d5 14. Nfg5 dxc4 15. Qxc4 Qd5 16. Qxd5 Rxd5 17. c3 h6 18. Nf3 Bf5 19. Nc5 b6 20. Nb3 Be4 21. Nfd4 Nxd4 22. Bxd4 Rad8 23. Bxg7 Kxg7 24. Nd4 R8d6 25. Rae1 f5 26. Rf2 Kf6 27. g3 Rd8 28. Kh2 b5 29. a3 a5 30. Rd2 b4 31. axb4 axb4 32. Red1 bxc3 33. bxc3 Rc8 34. Ne2 Rxd2 35. Rxd2 Bf3 36. h4 Rc4 37. Nd4 Rxc3 38. Nxf3 Rxf3 39. Re2 Rd3 40. Kg2 Rd5 41. Rb2 Rd6 42. Re2 Re6 43. Rb2 g5 44. hxg5+ hxg5 45. Kf3 Rc6 46. Re2 Rc3+ 47. Kf2 gxf4 48. gxf4 e6 49. Re1 Kg6 50. Rxe6+ Kh5 51. Re3 Rxe3 52. Kxe3 Kh4 53. Kf2 Kg4 54. Kg2 Kxf4 55. Kf2 Ke4 56. Ke2 f4 57. Kf2 f3 58. Kf1 Kf4 59. Kf2 Kg4 60. Kf1 Kg3 61. Kg1 f2+ 62. Kf1 1/2-1/2

[Event "Sydney NSW op"]
[Site "Sydney"]
[Date "2023.06.12"]
[Round "7"]
[White "Young, Micah"]
[Black "Asaka, Samuel"]
[Result "1/2-1/2"]
[WhiteElo "1836"]
[BlackElo "2201"]
[PlyCount "46"]
[EventDate "2023.06.10"]
[EventType "swiss"]
[EventRounds "7"]
[EventCountry "AUS"]
[SourceTitle "CBM 214 Extra"]
[Source "ChessBase"]
[SourceDate "2023.07.31"]
[SourceVersion "1"]
[SourceVersionDate "2023.07.31"]
[SourceQuality "1"]

1. e4 d6 2. d4 Nf6 3. Nc3 e5 4. Nf3 Nbd7 5. Bd3 Be7 6. 0-0 0-0 7. h3 c6 8. Be3 Re8 9. Re1 Qc7 10. g4 Bf8 11. g5 Nh5 12. Nxe5 dxe5 13. Qxh5 exd4 14. Bxd4 g6 15. Qf3 Bc5 16. Bxc5 Nxc5 17. h4 Qe5 18. Kg2 b5 19. Qg3 Qxg3+ 20. Kxg3 b4 21. Nd1 Nxd3 22. cxd3 Ba6 23. Rc1 Bxd3 1/2-1/2

[Event "Perth op"]
[Site "Perth"]
[Date "2023.01.04"]
[Round "4"]
[White "Young, Micah"]
[Black "Phillips, Max1111"]
[Result "1-0"]
[WhiteElo "1845"]
[BlackElo "1506"]
[PlyCount "85"]
[EventDate "2023.01.02"]
[EventType "swiss"]
[EventRounds "11"]
[EventCountry "AUS"]
[SourceTitle "CBM 212 Extra"]
[Source "ChessBase"]
[SourceDate "2023.03.31"]
[SourceVersion "1"]
[SourceVersionDate "2023.03.31"]
[SourceQuality "1"]

1. e4 c6 2. Nf3 d5 3. Nc3 dxe4 4. Nxe4 Nf6 5. Nxf6+ exf6 6. d4 Bg4 7. Be2 Bd6 8. c3 0-0 9. 0-0 Re8 10. h3 Bh5 11. g4 Bg6 12. Nh4 Nd7 13. Nxg6 hxg6 14. Bd3 Nf8 15. Kg2 Ne6 16. Qf3 Qc7 17. h4 Bf4 18. Be3 g5 19. hxg5 fxg5 20. Rh1 g6 21. Bc4 Kg7 22. Rh3 Rh8 23. Rah1 Qd6 24. Bxe6 fxe6 25. Rxh8 Rxh8 26. Rxh8 Kxh8 27. Bxf4 gxf4 28. g5 Kg7 29. Qe4 Qd8 30. Qxf4 Qd5+ 31. Kg3 Qh1 32. Qc7+ Kg8 33. Qc8+ Kg7 34. Qxb7+ Kg8 35. Qb8+ Kg7 36. Qxa7+ Kg8 37. Qb8+ Kg7 38. Qe5+ Kh7 39. Qc7+ Kg8 40. Qd8+ Kh7 41. Qe7+ Kh8 42. Qf8+ Kh7 43. Qh6+ 1-0

[Event "Gold Coast op"]
[Site "Gold Coast"]
[Date "2022.06.26"]
[Round "7"]
[White "Young, Micah"]
[Black "Can, Ryan"]
[Result "1/2-1/2"]
[WhiteElo "1745"]
[BlackElo "1598"]
[PlyCount "49"]
[EventDate "2022.06.23"]
[EventType "swiss"]
[EventRounds "9"]
[EventCountry "AUS"]
[SourceTitle "CBM 209 Extra"]
[Source "ChessBase"]
[SourceDate "2022.09.30"]
[SourceVersion "1"]
[SourceVersionDate "2022.09.30"]
[SourceQuality "1"]

1. e4 e6 2. d4 d5 3. Nc3 dxe4 4. Nxe4 Nd7 5. Nf3 Ngf6 6. Ng3 Be7 7. Be3 0-0 8. Bd3 c5 9. c3 Qc7 10. 0-0 b6 11. Qe2 Bb7 12. Ng5 g6 13. h4 Nd5 14. N3e4 N7f6 15. dxc5 bxc5 16. Nxf6+ Nxf6 17. f3 Nd5 18. Rfe1 Nxe3 19. Qxe3 Bxg5 20. Qxg5 Qd8 21. Bc4 Qxg5 22. hxg5 Rfd8 23. Rad1 Bc6 24. Kf2 Rab8 25. b3 1/2-1/2